000
00343nam a2200145Ia 4500
008
230718s9999 xx 000 0 und d
041
_a
Eng.
082
_a
348.08
_b
ALI-P
100
_a
Alizamiz Muhammad Mashar
245
0
_a
Pakistan Penal Code
260
_a
Pakistan
_b
P.L.D Publisher
_c
1988
300
_a
462
650
_a
Law
999
_c
28758
_d
28758